Auxiliaires modaux - Statistiques

Statistiques générales
  • Ce quiz a été pris 7 fois
  • Le résultat moyen est 4 sur 17
Statistiques - réponses
Hint Réponse % Correct
Can (valeur radicale) possibilité
100%
MUST (valeur radicale) obligation
60%
SHOULD (valeur radicale) conseil
40%
MUST (valeur épistémique) forte probabilité
20%
Can (valeur épistémique) impossibilité
20%
WILL (valeur radicale) ordre
20%
MAY (valeur radicale) possibilité générique
20%
WILL (valeur épistémique) prédiction
20%
SHOULD (valeur épistémique probabilité et prédiction
20%
SHOULD (valeur radicale) regret
20%
SHOULD (valeur radicale) reproche
20%
WILL (valeur radicale) acceptation
0%
MAY (valeur radicale) permission
0%
Can (valeur épistémique) possibilité hypothétique
0%
MAY (valeur épistémique) probabilité, possibilité
0%
WILL (valeur radicale) propriété typique
0%
WILL (valeur radicale) volonté
0%
Aucun quiz correspondant
Distribution des résultats
% des personnes avec chaque résultat
Percentile par nombre de réponses
Votre historique - résultats
Vous n’avez pas pris ce quiz